<?xml version="1.0" encoding="UTF-8"?>
<record
    xmlns:xsi="http://www.w3.org/2001/XMLSchema-instance"
    xsi:schemaLocation="http://www.loc.gov/MARC21/slim http://www.loc.gov/standards/marcxml/schema/MARC21slim.xsd"
    xmlns="http://www.loc.gov/MARC21/slim">

  <leader>00263nam a22001097a 4500</leader>
  <datafield tag="041" ind1=" " ind2=" ">
    <subfield code="a">eng</subfield>
  </datafield>
  <datafield tag="080" ind1=" " ind2=" ">
    <subfield code="a">80</subfield>
  </datafield>
  <datafield tag="100" ind1=" " ind2=" ">
    <subfield code="a">&#x410;&#x440;&#x430;&#x43A;&#x438;&#x43D;, &#x412;. &#x414;.</subfield>
  </datafield>
  <datafield tag="245" ind1=" " ind2=" ">
    <subfield code="a">&#x421;&#x440;&#x430;&#x432;&#x43D;&#x438;&#x442;&#x435;&#x43B;&#x44C;&#x43D;&#x430;&#x44F; &#x442;&#x438;&#x43F;&#x43E;&#x43B;&#x43E;&#x433;&#x438;&#x44F; &#x430;&#x43D;&#x433;&#x43B;. &#x438; &#x440;&#x443;&#x441;. &#x44F;&#x437;..</subfield>
  </datafield>
  <datafield tag="650" ind1=" " ind2=" ">
    <subfield code="a">EFL</subfield>
  </datafield>
  <datafield tag="999" ind1=" " ind2=" ">
    <subfield code="c">280478</subfield>
    <subfield code="d">280478</subfield>
  </datafield>
  <datafield tag="942" ind1=" " ind2=" ">
    <subfield code="c">BK</subfield>
  </datafield>
  <datafield tag="952" ind1=" " ind2=" ">
    <subfield code="0">0</subfield>
    <subfield code="1">0</subfield>
    <subfield code="2">udc</subfield>
    <subfield code="4">0</subfield>
    <subfield code="7">0</subfield>
    <subfield code="a">104</subfield>
    <subfield code="b">104</subfield>
    <subfield code="d">2005-08-08</subfield>
    <subfield code="e">&#x410;&#x43A;&#x442; &#x2116; 5\05</subfield>
    <subfield code="g">5.00</subfield>
    <subfield code="l">0</subfield>
    <subfield code="o">80</subfield>
    <subfield code="p">205851</subfield>
    <subfield code="r">2021-11-03 00:00:00</subfield>
    <subfield code="w">2005-12-26</subfield>
    <subfield code="y">BK</subfield>
  </datafield>
  <datafield tag="952" ind1=" " ind2=" ">
    <subfield code="0">0</subfield>
    <subfield code="1">0</subfield>
    <subfield code="2">udc</subfield>
    <subfield code="4">0</subfield>
    <subfield code="7">0</subfield>
    <subfield code="a">104</subfield>
    <subfield code="b">104</subfield>
    <subfield code="d">2005-08-08</subfield>
    <subfield code="e">&#x410;&#x43A;&#x442; &#x2116; 5\05</subfield>
    <subfield code="g">5.00</subfield>
    <subfield code="l">0</subfield>
    <subfield code="o">80</subfield>
    <subfield code="p">205852</subfield>
    <subfield code="r">2021-11-03 00:00:00</subfield>
    <subfield code="w">2005-12-26</subfield>
    <subfield code="y">BK</subfield>
  </datafield>
  <datafield tag="952" ind1=" " ind2=" ">
    <subfield code="0">0</subfield>
    <subfield code="1">0</subfield>
    <subfield code="2">udc</subfield>
    <subfield code="4">0</subfield>
    <subfield code="7">0</subfield>
    <subfield code="a">104</subfield>
    <subfield code="b">104</subfield>
    <subfield code="d">2005-08-08</subfield>
    <subfield code="e">&#x410;&#x43A;&#x442; &#x2116; 5\05</subfield>
    <subfield code="g">5.00</subfield>
    <subfield code="l">0</subfield>
    <subfield code="o">80</subfield>
    <subfield code="p">205853</subfield>
    <subfield code="r">2021-11-03 00:00:00</subfield>
    <subfield code="w">2005-12-26</subfield>
    <subfield code="y">BK</subfield>
  </datafield>
</record>
